000 00407nam a2200169Ia 4500
005 20250423100139.0
008 250422s9999 xx 000 0 und d
020 _a8180610233
050 _aQP 40 .A33/
100 _aAgarwala, G. C.
245 0 _aMCQs in physiology
260 _aNew Delhi
260 _bJAYPEE BROTHERS Medical Publishers (P) Ltd.
260 _c2003
300 _a288 p
942 _cBK
999 _c32420
_d32420